000
00372nam a2200145Ia 4500
008
090124s9999 xx 000 0 und d
082
_b
303449
245
_a
मणिकांचन
250
_a
1
260
_b
कर्णिक हेमन
_c
1997
300
_a
232
630
_a
मणिकांचन
730
_a
मणिकांचन
942
_c
BOOK
999
_c
193086
_d
193086